[Event "Chigorin Memorial"]
[Site "St Petersburg"]
[Date "2015.10.07"]
[Round "5.74"]
[White "Savinov, Leonid"]
[Black "Igonin, Temur"]
[Result "0-1"]
[WhiteElo "2110"]
[BlackElo "2390"]
[PlyCount "62"]
[EventDate "2015.10.03"]
[EventRounds "9"]
[EventCountry "RUS"]

1. e4 c5 2. Nf3 d6 3. d4 cxd4 4. Qxd4 Nc6 5. Bb5 Bd7 6. Bxc6 Bxc6 7. Nc3 Nf6 8.
Bg5 e6 9. O-O-O Be7 10. Kb1 O-O 11. Rhe1 Qc7 12. Qd2 Rfd8 13. Nd4 a6 14. f3 b5
15. g4 b4 16. Nce2 a5 17. Be3 Nd7 18. Nxc6 Qxc6 19. Nd4 Qb7 20. h4 Ne5 21. Qg2
d5 22. f4 Nc4 23. e5 a4 24. g5 b3 25. cxb3 axb3 26. axb3 Qa6 27. bxc4 Qa2+ 28.
Kc1 Qxc4+ 29. Kb1 Qa2+ 30. Kc1 Rdc8+ 31. Qc2 Bb4 0-1

[Event "Chigorin Memorial"]
[Site "St Petersburg"]
[Date "2015.10.07"]
[Round "5.75"]
[White "Chashchev, Sergey"]
[Black "Grinblat, Artemiy"]
[Result "1/2-1/2"]
[WhiteElo "2377"]
[BlackElo "2099"]
[PlyCount "136"]
[EventDate "2015.10.03"]
[EventRounds "9"]
[EventCountry "RUS"]

1. b4 e5 2. Bb2 Bxb4 3. Bxe5 Nf6 4. Nf3 O-O 5. e3 Nc6 6. Bb2 d5 7. Be2 Bg4 8.
O-O Re8 9. d3 Bd6 10. Nbd2 Ne5 11. Nxe5 Bxe2 12. Qxe2 Bxe5 13. Bxe5 Rxe5 14. c4
dxc4 15. d4 Rd5 16. Nxc4 c5 17. dxc5 Rxc5 18. Rfd1 Qc7 19. Nd6 Nd5 20. Ne4 Nc3
21. Nxc3 Rxc3 22. Rab1 b6 23. Qf3 Rc8 24. g3 g6 25. h4 Qc6 26. Rd5 Rd3 27. Rd1
Qxd5 28. Qxd5 Rxd5 29. Rxd5 Rc2 30. a4 Ra2 31. Rd4 h5 32. g4 hxg4 33. Rxg4 Kf8
34. Rc4 Rb2 35. Kg2 b5 36. axb5 Rxb5 37. Rc7 a5 38. Ra7 Rb4 39. Kg3 a4 40. f3
Rb3 41. e4 a3 42. Kg4 Rc3 43. f4 Re3 44. e5 Kg7 45. h5 gxh5+ 46. Kxh5 Kg8 47.
Kg4 Kg7 48. Kf5 Rb3 49. Ra5 Re3 50. Kg4 Kg8 51. f5 a2 52. Kf4 Re2 53. Ra7 Kf8
54. Ra6 Kg7 55. Ra8 Kh7 56. Ra7 Kg8 57. Ra5 Kh8 58. Ra3 Kg7 59. Ra8 Kh7 60. Kg5
Rxe5 61. Kf6 Rb5 62. Rxa2 Rb6+ 63. Kxf7 Rb7+ 64. Kf6 Rb6+ 65. Kg5 Kg7 66. Re2
Kf7 67. Re4 Rb1 68. Rg4 Rf1 1/2-1/2

[Event "Chigorin Memorial"]
[Site "St Petersburg"]
[Date "2015.10.07"]
[Round "5.76"]
[White "Eryshkanova, Anastasiya"]
[Black "Yanchenko, Roman"]
[Result "1/2-1/2"]
[WhiteElo "2108"]
[BlackElo "2370"]
[PlyCount "86"]
[EventDate "2015.10.03"]
[EventRounds "9"]
[EventCountry "RUS"]

1. c4 Nf6 2. Nc3 e6 3. d4 d5 4. cxd5 exd5 5. Bg5 Nbd7 6. e3 c6 7. Bd3 Bd6 8.
Qc2 h6 9. Bh4 O-O 10. Nge2 Re8 11. h3 b6 12. O-O-O Be7 13. Bg3 Bb7 14. Kb1 a5
15. f3 b5 16. e4 Nf8 17. exd5 Nxd5 18. Nxd5 Qxd5 19. Be4 Qd7 20. Bf5 Ne6 21.
Nf4 Bg5 22. Nxe6 fxe6 23. Bg6 Rf8 24. Be5 Qe7 25. Qe2 Rfd8 26. Bc2 Bf6 27. Qe4
Kf8 28. Qh7 Qf7 29. f4 Ke7 30. Qe4 Bxe5 31. dxe5 Rxd1+ 32. Rxd1 Rd8 33. Rxd8
Kxd8 34. Qe3 Kc7 35. g4 Qe7 36. Bd3 Qb4 37. f5 a4 38. f6 a3 39. Qf2 c5 40. f7
Be4 41. Bxe4 Qxe4+ 42. Kc1 Qc4+ 43. Kb1 Qe4+ 1/2-1/2

[Event "Chigorin Memorial"]
[Site "St Petersburg"]
[Date "2015.10.07"]
[Round "5.77"]
[White "Lokander, Martin"]
[Black "Veselov, Andrey"]
[Result "1/2-1/2"]
[WhiteElo "2369"]
[BlackElo "2105"]
[PlyCount "147"]
[EventDate "2015.10.03"]
[EventRounds "9"]
[EventCountry "RUS"]

1. Nf3 Nf6 2. c4 c6 3. g3 d5 4. d4 e6 5. Bg2 Be7 6. O-O O-O 7. Qc2 b6 8. Nbd2
Bb7 9. e4 Nbd7 10. e5 Ne8 11. cxd5 cxd5 12. Re1 Rc8 13. Qa4 a6 14. Bf1 b5 15.
Qd1 Nb6 16. Bd3 Na4 17. Nf1 g6 18. Qd2 Ng7 19. Qh6 f6 20. exf6 Bxf6 21. b3 Nc3
22. Ng5 Bxg5 23. Bxg5 Qb6 24. Qh4 Ne4 25. Bxe4 dxe4 26. Ne3 Qxd4 27. Rad1 Qb2
28. Rf1 Rf7 29. Ng4 Nf5 30. Qh3 Bd5 31. Bf4 Rc2 32. Be5 Qxa2 33. Nf6+ Rxf6 34.
Bxf6 e3 35. Rxd5 exf2+ 36. Kh1 exd5 37. g4 Rc6 38. gxf5 Rxf6 39. fxg6 hxg6 40.
Qc8+ Kg7 41. Qc7+ Kh6 42. Qc1+ g5 43. Qc3 Kg6 44. Qd3+ Rf5 45. Rc1 Qb2 46. Rc6+
Qf6 47. Rxf6+ Kxf6 48. Qc3+ Kg6 49. Qc6+ Kh5 50. Qe8+ Kh4 51. Qh8+ Kg4 52. Qd4+
Rf4 53. Qd1+ Kh4 54. Qf1 g4 55. b4 Rf3 56. Kg2 d4 57. h3 Rg3+ 58. Kh2 Rxh3+ 59.
Kg2 Rg3+ 60. Kh2 Rf3 61. Kg2 Rg3+ 62. Kh2 Rh3+ 63. Kg2 g3 64. Kf3 Rh2 65. Ke4
Kg4 66. Qe2+ Kg5 67. Qf3 Rh4+ 68. Ke5 Rg4 69. Qf6+ Kh5 70. Qh8+ Kg5 71. Qg7+
Kh5 72. Qh7+ Kg5 73. Qg7+ Kh5 74. Qh7+ 1/2-1/2

[Event "Chigorin Memorial"]
[Site "St Petersburg"]
[Date "2015.10.07"]
[Round "5.78"]
[White "Kurilo, Vladislav"]
[Black "Akkozov, Berik"]
[Result "0-1"]
[WhiteElo "2088"]
[BlackElo "2356"]
[PlyCount "116"]
[EventDate "2015.10.03"]
[EventRounds "9"]
[EventCountry "RUS"]

1. e4 c5 2. c3 Nf6 3. e5 Nd5 4. d4 cxd4 5. cxd4 d6 6. Nf3 Nc6 7. Bc4 Nb6 8. Bb5
d5 9. Qc2 Bd7 10. Bxc6 bxc6 11. O-O Qc8 12. b3 Bg4 13. Be3 Bxf3 14. gxf3 e6 15.
Rc1 Kd7 16. Nc3 Ba3 17. Rd1 Qf8 18. Ne2 f5 19. Bc1 Be7 20. a4 g5 21. a5 Nc8 22.
Bd2 a6 23. Nc3 Na7 24. Na4 Kc7 25. Qd3 Nb5 26. Rdc1 f4 27. Rc2 Qf5 28. Qxf5
exf5 29. Bc3 Rab8 30. Bb2 Rhe8 31. Rac1 Na7 32. Nb6 Rbd8 33. Kf1 h5 34. h3 Kb7
35. Ke2 Rg8 36. Ra1 Rg6 37. Bc1 Re6 38. h4 c5 39. hxg5 Nc6 40. Bxf4 Nxd4+ 41.
Kd1 Nxc2 42. Kxc2 Kc6 43. Rh1 Rh8 44. Rd1 Rd8 45. Rh1 Rh8 46. Rd1 d4 47. Kd3
Rg8 48. Rh1 Bxg5 49. Bxg5 Rxg5 50. f4 Rg4 51. Rxh5 Rxf4 52. Nc4 Rf3+ 53. Ke2
Rxb3 54. Rxf5 Kd5 55. Nd2 Rb2 56. f4 c4 57. Kd1 c3 58. Nf3 d3 0-1

[Event "Chigorin Memorial"]
[Site "St Petersburg"]
[Date "2015.10.07"]
[Round "5.79"]
[White "Gurvich, Vitaly"]
[Black "Rivonenko, Vladislav"]
[Result "1-0"]
[WhiteElo "2315"]
[BlackElo "2090"]
[PlyCount "123"]
[EventDate "2015.10.03"]
[EventRounds "9"]
[EventCountry "RUS"]

1. Nf3 Nf6 2. c4 e6 3. g3 d5 4. d4 c6 5. Bg2 dxc4 6. O-O b5 7. b3 cxb3 8. axb3
Bb7 9. Nc3 a6 10. Ne5 Qb6 11. Bg5 Nbd7 12. Nxd7 Nxd7 13. e4 Rc8 14. Be3 c5 15.
d5 Nf6 16. Re1 Be7 17. Bf4 Rd8 18. Qc2 O-O 19. d6 Bxd6 20. e5 Bxg2 21. Kxg2
Qc6+ 22. Kg1 Nh5 23. exd6 Nxf4 24. gxf4 Rxd6 25. Ne4 Rd5 26. Ng3 Rd4 27. Re4
Rfd8 28. Rxd4 Rxd4 29. Rd1 Qd5 30. Rxd4 Qxd4 31. Qe4 Qd1+ 32. Kg2 g6 33. Qa8+
Kg7 34. Qf3 Qc2 35. h4 h5 36. Qe3 c4 37. b4 Qb2 38. Qe5+ Qxe5 39. fxe5 f6 40.
Ne4 fxe5 41. Kf3 Kf7 42. Ke3 Ke7 43. f3 Kd8 44. Nc5 a5 45. bxa5 Kc7 46. Nxe6+
Kc6 47. Nf8 b4 48. Kd2 Kb5 49. Nxg6 Kxa5 50. Nxe5 Kb5 51. f4 Kc5 52. f5 c3+ 53.
Kd3 Kd5 54. Nc4 Kc6 55. Kd4 c2 56. Na5+ Kd6 57. Nb3 Ke7 58. Ke5 Kf7 59. f6 Kf8
60. Ke6 Ke8 61. f7+ Kf8 62. Nc1 1-0

[Event "Chigorin Memorial"]
[Site "St Petersburg"]
[Date "2015.10.07"]
[Round "5.80"]
[White "Hojjatova, Aydan"]
[Black "Kopylov, Yuriy"]
[Result "0-1"]
[WhiteElo "2315"]
[BlackElo "2088"]
[PlyCount "152"]
[EventDate "2015.10.03"]
[EventRounds "9"]
[EventCountry "RUS"]

1. e4 c5 2. Nc3 Nc6 3. g3 g6 4. Bg2 Bg7 5. d3 d6 6. f4 e6 7. Nf3 Nge7 8. O-O
O-O 9. Be3 Rb8 10. Qd2 Nd4 11. Nh4 b5 12. Nd1 b4 13. c3 Ndc6 14. f5 f6 15. fxe6
Bxe6 16. Nf3 Ne5 17. Nxe5 fxe5 18. Rxf8+ Qxf8 19. Nf2 Nc6 20. Nh3 Qc8 21. Ng5
Bh6 22. Rf1 Qd7 23. Nxe6 Bxe3+ 24. Qxe3 Qxe6 25. Qh6 Qe7 26. Bh3 Re8 27. Bg4
Nd8 28. Bd1 Qg7 29. Bb3+ Kh8 30. Qh3 bxc3 31. bxc3 Qe7 32. Qh6 Qg7 33. Qg5 Rf8
34. h4 Rxf1+ 35. Kxf1 Qf8+ 36. Ke2 Nc6 37. Qg4 Qe7 38. Bd5 Nd8 39. a4 Kg7 40.
a5 h5 41. Qc8 Nf7 42. a6 Nh6 43. Qb7 Kf6 44. Kd2 Ng4 45. Kc2 Ne3+ 46. Kb3 Nf1
47. Ka4 Nxg3 48. Qb2 Kg7 49. Qf2 Qxh4 50. Qf7+ Kh6 51. Qf8+ Kg5 52. Qe7+ Kg4
53. Be6+ Nf5 54. Qxh4+ Kxh4 55. exf5 gxf5 56. Bxf5 Kg5 57. Be4 c4 58. Kb4 cxd3
59. Bxd3 Kf4 60. Kc4 e4 61. Bf1 Kf3 62. Kd5 e3 63. Kxd6 h4 64. c4 h3 65. Bxh3
e2 66. c5 e1=Q 67. Bc8 Qb4 68. Kd5 Qb8 69. Bb7 Qc7 70. Kd4+ Kf4 71. Kd5 Qd7+
72. Kc4 Ke5 73. Kb4 Kd4 74. c6 Qc7 75. Kb3 Kd3 76. Kb2 Qb6+ 0-1

[Event "Chigorin Memorial"]
[Site "St Petersburg"]
[Date "2015.10.07"]
[Round "5.81"]
[White "Zhurikhin, Alexander"]
[Black "Sergeyev, Dmitriy"]
[Result "1-0"]
[WhiteElo "2309"]
[BlackElo "2077"]
[PlyCount "179"]
[EventDate "2015.10.03"]
[EventRounds "9"]
[EventCountry "RUS"]

1. e4 c5 2. Nf3 Nf6 3. e5 Nd5 4. Nc3 e6 5. Ne4 f5 6. exf6 Nxf6 7. Nxf6+ Qxf6 8.
d4 cxd4 9. Qxd4 Nc6 10. Qxf6 gxf6 11. Be2 Rg8 12. O-O b6 13. Nd2 Nd4 14. Bh5+
Ke7 15. c3 Bb7 16. g3 Rg5 17. Bd1 Nf5 18. Bf3 Bxf3 19. Nxf3 Rg8 20. c4 Kf7 21.
Rd1 Bd6 22. b3 Ke7 23. Bb2 h5 24. Rd3 Bc5 25. Rad1 Rad8 26. Nd2 Nd6 27. Kg2 h4
28. Rf3 f5 29. Be5 Nf7 30. Bc3 hxg3 31. hxg3 Rg6 32. Re1 Kf8 33. Rh1 Rh6 34.
Rd1 Ke7 35. Rd3 a5 36. Nf3 Rg6 37. Bd2 Rgg8 38. Bf4 d6 39. Bc1 Rc8 40. Re1 Rh8
41. Nh4 Kd7 42. Ng6 Rh7 43. Nh4 Bb4 44. Bd2 Bxd2 45. Rxd2 a4 46. Nf3 axb3 47.
axb3 Ra8 48. Nd4 Rh6 49. Nb5 Kc6 50. Nd4+ Kd7 51. Nb5 Kc6 52. Rdd1 e5 53. Ra1
Rhh8 54. Nc3 Kc5 55. Nd5 b5 56. Rac1 bxc4 57. Red1 Ra3 58. Rxc4+ Kb5 59. Rc7
Ng5 60. Rb7+ Ka6 61. Rb6+ Ka7 62. Rc1 Rh7 63. Rxd6 Rxb3 64. Ra1+ Kb7 65. Rda6
Rf7 66. Ra7+ Kc6 67. Rxf7 Nxf7 68. Ne7+ Kd7 69. Nxf5 Ke6 70. Ne3 Rb6 71. Ra8
Rc6 72. Ra4 Ng5 73. Rh4 Nf7 74. Kf3 Ra6 75. Rh5 Ra4 76. g4 Kf6 77. Kg3 Ra1 78.
Rf5+ Ke6 79. Kf3 Rg1 80. Ke2 Nd6 81. Rh5 Nf7 82. f3 Kf6 83. Kf2 Ra1 84. Rf5+
Ke6 85. g5 Nd6 86. Rf6+ Kd7 87. g6 Ra8 88. Ng4 Rg8 89. Nh6 Rg7 90. Rxd6+ 1-0

[Event "Chigorin Memorial"]
[Site "St Petersburg"]
[Date "2015.10.07"]
[Round "5.82"]
[White "Shchukin, Dmitry"]
[Black "Sazonova, Anastasia"]
[Result "1-0"]
[WhiteElo "2299"]
[BlackElo "2065"]
[PlyCount "131"]
[EventDate "2015.10.03"]
[EventRounds "9"]
[EventCountry "RUS"]

1. c4 f5 2. d4 Nf6 3. Nc3 e6 4. Bg5 Be7 5. e3 d5 6. Bd3 c6 7. Qc2 O-O 8. Nge2
h6 9. Bh4 Qe8 10. h3 Qh5 11. Nf4 Qf7 12. Bxf6 Bxf6 13. cxd5 cxd5 14. h4 Nc6 15.
a3 Bd7 16. g4 e5 17. dxe5 Nxe5 18. Bxf5 Bxf5 19. Qxf5 d4 20. Ncd5 dxe3 21. fxe3
Nc4 22. Nxf6+ Qxf6 23. Qxf6 Rxf6 24. Nd5 Rd6 25. O-O-O Kh8 26. e4 Re8 27. Nc3
Rc6 28. Rh3 Nd6 29. Re3 Rxe4 30. Rxe4 Nxe4 31. Kc2 Nxc3 32. bxc3 Rc7 33. Rd6
Kg8 34. Kd3 Kf7 35. h5 Ke7 36. Rg6 Kf7 37. c4 Rd7+ 38. Kc3 Rd1 39. g5 hxg5 40.
Rxg5 Rd6 41. Ra5 a6 42. Rg5 Rb6 43. a4 Rc6 44. a5 Rc7 45. Kd4 Ke8 46. Kd5 Kd8
47. c5 Rd7+ 48. Ke6 Ke8 49. Rg6 Rc7 50. Kd5 Rd7+ 51. Ke5 Re7+ 52. Kd5 Rd7+ 53.
Kc4 Rc7 54. Re6+ Kd7 55. Kd5 Kd8 56. c6 bxc6+ 57. Rxc6 Rf7 58. Ke5 Rb7 59. Rxa6
Rb5+ 60. Kd6 Ke8 61. Ke6 Kd8 62. Rd6+ Ke8 63. Rd5 Rb7 64. Kf5 Rf7+ 65. Kg6 Ra7
66. Rf5 1-0

[Event "Chigorin Memorial"]
[Site "St Petersburg"]
[Date "2015.10.07"]
[Round "5.83"]
[White "Aseev, Vladimir"]
[Black "Chekletsov, Ilya"]
[Result "0-1"]
[WhiteElo "2087"]
[BlackElo "2299"]
[PlyCount "74"]
[EventDate "2015.10.03"]
[EventRounds "9"]
[EventCountry "RUS"]

1. d4 Nf6 2. Nf3 e6 3. c4 b6 4. g3 Ba6 5. b3 Be7 6. Bg2 c6 7. O-O d5 8. Ne5
Nfd7 9. Bf4 O-O 10. Nxd7 Nxd7 11. Nd2 Bf6 12. e3 Qe7 13. h4 Rac8 14. Rc1 c5 15.
Re1 Bb7 16. Nf3 Rfd8 17. cxd5 exd5 18. Bh3 Rc6 19. Qd3 Nf8 20. a4 h6 21. h5 Ne6
22. Ne5 Bxe5 23. Bxe5 Rdc8 24. Qb1 Re8 25. Qf5 Bc8 26. Qb1 Qg5 27. Kg2 Qxh5 28.
Rh1 Ng5 29. Bxc8 Qf3+ 30. Kg1 Rexc8 31. Rh4 f6 32. Rf4 Nh3+ 33. Kh2 Nxf4 34.
Bxf4 Qxf2+ 35. Kh3 cxd4 36. Rf1 Qe2 37. Re1 Qh5+ 0-1

[Event "Chigorin Memorial"]
[Site "St Petersburg"]
[Date "2015.10.07"]
[Round "5.84"]
[White "Ioffe, Ilya"]
[Black "Tarasov, Alexandr"]
[Result "1/2-1/2"]
[WhiteElo "2087"]
[BlackElo "2297"]
[PlyCount "120"]
[EventDate "2015.10.03"]
[EventRounds "9"]
[EventCountry "RUS"]

1. e4 c6 2. d4 d5 3. e5 c5 4. dxc5 e6 5. Nf3 Bxc5 6. Bd3 Nc6 7. O-O f6 8. Qe2
fxe5 9. Nxe5 Nxe5 10. Qxe5 Nf6 11. Be3 Bd6 12. Qg5 O-O 13. f4 Qc7 14. Nc3 Bd7
15. Bd4 Bc5 16. Bxc5 Qxc5+ 17. Kh1 h6 18. Qg6 Qb6 19. b3 Rac8 20. Ne2 Be8 21.
Qg3 Bh5 22. Rae1 Rce8 23. Ng1 Qc7 24. c4 Nd7 25. Qh4 Bf7 26. cxd5 exd5 27. Nf3
Nc5 28. Bb1 Ne4 29. Rd1 Qb6 30. Ne5 Be6 31. Qe1 Nf6 32. Qd2 Rd8 33. Qd4 Qxd4
34. Rxd4 Rc8 35. Re1 Rc7 36. Kg1 Rfc8 37. Bd3 Rc1 38. Kf2 a6 39. Rxc1 Rxc1 40.
Rb4 Bc8 41. a4 Kf8 42. Nf3 Ke7 43. Ke3 Kd6 44. Kd4 Nd7 45. Ne5 Nc5 46. Rb6+ Kc7
47. Rg6 Ne6+ 48. Ke3 Kd8 49. f5 Re1+ 50. Be2 Rxe2+ 51. Kxe2 Nf4+ 52. Ke3 Nxg6
53. fxg6 Bf5 54. a5 Ke7 55. Kd4 Be4 56. g3 Ke6 57. b4 h5 58. Nf7 Ke7 59. Ne5
Ke6 60. Nf7 Ke7 1/2-1/2

[Event "Chigorin Memorial"]
[Site "St Petersburg"]
[Date "2015.10.07"]
[Round "5.85"]
[White "Nikitinyh, Boris"]
[Black "Artamonov, Valery"]
[Result "0-1"]
[WhiteElo "2065"]
[BlackElo "2287"]
[PlyCount "104"]
[EventDate "2015.10.03"]
[EventRounds "9"]
[EventCountry "RUS"]

1. e4 g6 2. d4 Bg7 3. Nc3 d5 4. Nf3 c5 5. Bb5+ Kf8 6. O-O a6 7. Bd3 cxd4 8.
Nxd5 e6 9. Nf4 Nc6 10. Bd2 Nge7 11. Qe2 b6 12. Rac1 Qd6 13. Rfe1 Bb7 14. h4 e5
15. Nh3 Bc8 16. Nh2 h6 17. h5 g5 18. Ng4 a5 19. Bc4 Ra7 20. a3 Ng8 21. f3 Nf6
22. Nxf6 Bxf6 23. Nf2 Kg7 24. Nh1 Bd7 25. Ng3 Ne7 26. Bd3 Rd8 27. c4 dxc3 28.
Rxc3 Nc6 29. Be3 Nd4 30. Qf2 Kg8 31. Rec1 Bg7 32. Bc4 b5 33. Bd5 b4 34. Rc5 Be6
35. Ne2 Bxd5 36. Rxd5 Qf6 37. Bxd4 exd4 38. e5 Qb6 39. Rc6 Qb8 40. Rxd8+ Qxd8
41. Rd6 Rd7 42. Qxd4 Bxe5 43. Rxd7 Bxd4+ 44. Rxd4 Qe7 45. Kf2 bxa3 46. bxa3
Qxa3 47. g4 a4 48. Rd8+ Kh7 49. Nd4 Qb2+ 50. Ke3 a3 51. Rc8 a2 52. Nc2 Qc1+ 0-1

[Event "Chigorin Memorial"]
[Site "St Petersburg"]
[Date "2015.10.07"]
[Round "5.86"]
[White "Palin, Denis"]
[Black "Ovchinnikov, Vsevolod"]
[Result "1/2-1/2"]
[WhiteElo "2081"]
[BlackElo "2273"]
[PlyCount "81"]
[EventDate "2015.10.03"]
[EventRounds "9"]
[EventCountry "RUS"]

1. c4 Nf6 2. Nc3 c5 3. Nf3 e6 4. g3 b6 5. e4 Bb7 6. Qe2 Nc6 7. Bg2 d6 8. O-O
Be7 9. Rd1 O-O 10. d4 cxd4 11. Nxd4 Nxd4 12. Rxd4 Qc7 13. b3 a6 14. Ba3 Rfd8
15. Rad1 Ne8 16. Bb4 Bf6 17. R4d3 Bxc3 18. Rxc3 a5 19. Ba3 b5 20. Bb2 bxc4 21.
Qxc4 Qb8 22. Qd4 Rc8 23. Rxc8 Qxc8 24. Ba3 Qc6 25. Rc1 Qd7 26. h3 a4 27. Bb4
axb3 28. axb3 h6 29. Rd1 Qc6 30. Qc4 Qb6 31. Qd4 Qc6 32. Qc4 Qxc4 33. bxc4 Rc8
34. Bxd6 Nxd6 35. Rxd6 Rxc4 36. Rd8+ Kh7 37. Rd7 Bxe4 38. Bxe4+ Rxe4 39. Rxf7
Kg6 40. Rf3 Re5 41. Kg2 1/2-1/2

[Event "Chigorin Memorial"]
[Site "St Petersburg"]
[Date "2015.10.07"]
[Round "5.87"]
[White "Muhtarov, Leonid"]
[Black "Balaian, Alina"]
[Result "1-0"]
[WhiteElo "2060"]
[BlackElo "2269"]
[PlyCount "107"]
[EventDate "2015.10.03"]
[EventRounds "9"]
[EventCountry "RUS"]

1. Nf3 d5 2. g3 c5 3. Bg2 Nc6 4. d3 e5 5. O-O Nf6 6. Nbd2 Be7 7. e4 O-O 8. Re1
d4 9. Nc4 Qc7 10. a4 Bg4 11. h3 Bh5 12. Bd2 Nd7 13. Rf1 b6 14. Qe1 f6 15. Nh4
a6 16. Nf5 Bd8 17. h4 Kh8 18. Bh3 Bf7 19. Nfd6 Bg8 20. Qe2 Be7 21. Qg4 Bxd6 22.
Nxd6 Rad8 23. Nf5 Ndb8 24. h5 Be6 25. Qh4 Ne7 26. h6 g5 27. Qh5 Nxf5 28. exf5
Bf7 29. Qg4 Bd5 30. b3 Qb7 31. f3 Nc6 32. Kh2 Rg8 33. Rae1 Rde8 34. Rf2 Nd8 35.
Bg2 Nf7 36. Qh3 Nd6 37. g4 Nf7 38. Kg1 Qc6 39. Rfe2 Qd6 40. Bh1 Ra8 41. Ra1 Qf8
42. Rh2 b5 43. Qf1 Qc8 44. Qh3 Qc6 45. Qh5 Nd6 46. Rf2 c4 47. axb5 axb5 48.
Rxa8 Qxa8 49. bxc4 bxc4 50. Bb4 Qb8 51. Ba3 Nc8 52. f4 Bxh1 53. Qf7 Qb6 54. Bf8
1-0

[Event "Chigorin Memorial"]
[Site "St Petersburg"]
[Date "2015.10.07"]
[Round "5.88"]
[White "Tishova, Svetlana"]
[Black "Muromtsev, Arthur"]
[Result "1/2-1/2"]
[WhiteElo "2058"]
[BlackElo "2265"]
[PlyCount "158"]
[EventDate "2015.10.03"]
[EventRounds "9"]
[EventCountry "RUS"]

1. e4 c5 2. Nf3 d6 3. d4 cxd4 4. Qxd4 Bd7 5. c4 Nf6 6. Nc3 g6 7. Be2 Bg7 8. h3
O-O 9. Qe3 Na6 10. O-O Rc8 11. Rb1 Nc5 12. Nd4 Nfxe4 13. Nxe4 Nxe4 14. Qxe4 e5
15. Nf3 Bf5 16. Qd5 Rc5 17. Bg5 Qc8 18. Qd2 Bxb1 19. Rxb1 Qf5 20. Rd1 e4 21. g4
Qe6 22. Ne1 Be5 23. Be3 Rcc8 24. Ng2 f5 25. Nf4 Qf6 26. Qd5+ Kh8 27. Ne6 f4 28.
Bd4 Rfe8 29. Bxe5 dxe5 30. Nc5 e3 31. Ne4 exf2+ 32. Kxf2 Qh4+ 33. Kg2 Rcd8 34.
Qf7 Rf8 35. Qe6 Rde8 36. Qd5 Qe7 37. Qd6 Qxd6 38. Rxd6 Rc8 39. Kf3 Rc7 40. Ng5
Re7 41. Ke4 Rfe8 42. Nf3 Kg7 43. c5 Rc8 44. b4 a5 45. a3 axb4 46. axb4 Ra8 47.
Bb5 Ra1 48. Rd7 Kf8 49. Rxe7 Kxe7 50. Nxe5 Rh1 51. Kxf4 Rxh3 52. Bd3 Ke6 53.
Bc4+ Kf6 54. g5+ Ke7 55. Bd5 Rh4+ 56. Ng4 Rh3 57. Bf3 Kd8 58. b5 Kc7 59. b6+
Kb8 60. Nf2 Rh4+ 61. Bg4 h6 62. gxh6 Rxh6 63. Kg5 Rh2 64. Ne4 Rg2 65. Kf4 Rg1
66. Bf3 Rc1 67. Kg5 Rf1 68. Kf4 Rc1 69. Ke5 Re1 70. Kd4 Rf1 71. Ke3 Rc1 72. Kd2
Rf1 73. Ng5 Rg1 74. Nf7 Rf1 75. Ne5 Rg1 76. c6 bxc6 77. Bxc6 Rb1 78. Nd7+ Kc8
79. Ke3 Rxb6 1/2-1/2

[Event "Chigorin Memorial"]
[Site "St Petersburg"]
[Date "2015.10.07"]
[Round "5.90"]
[White "Volkov, Roman"]
[Black "Ageichenko, Genadi A"]
[Result "0-1"]
[WhiteElo "2044"]
[BlackElo "2257"]
[PlyCount "75"]
[EventDate "2015.10.03"]
[EventRounds "9"]
[EventCountry "RUS"]

1. e4 c5 2. Nf3 e6 3. d4 cxd4 4. Nxd4 a6 5. Bd3 Qc7 6. O-O Nf6 7. Qe2 d6 8. c4
Be7 9. b3 Nc6 10. Bb2 O-O 11. Kh1 Bd7 12. f4 Nxd4 13. Bxd4 e5 14. Bb2 exf4 15.
Nc3 Bc6 16. Nd5 Bxd5 17. exd5 Rae8 18. Rxf4 g6 19. Qf2 Nd7 20. Rf1 f6 21. Qg3
Ne5 22. Bf5 Kh8 23. Be6 f5 24. h4 Bf6 25. h5 Qg7 26. hxg6 Qh6+ 27. Kg1 hxg6 28.
Re1 b6 29. a3 Re7 30. Qh3 Qxh3 31. gxh3 Rh7 32. Bxe5 dxe5 33. Rf3 e4 34. Rfe3
Bd4 35. Kg2 Bxe3 36. Rxe3 Rh4 37. Re1 Kg7 38. b4 0-1

[Event "Chigorin Memorial"]
[Site "St Petersburg"]
[Date "2015.10.07"]
[Round "5.91"]
[White "Volkov, Anton"]
[Black "Egorov, Daniil"]
[Result "0-1"]
[WhiteElo "2255"]
[BlackElo "2064"]
[PlyCount "100"]
[EventDate "2015.10.03"]
[EventRounds "9"]
[EventCountry "RUS"]

1. d4 Nf6 2. Bf4 g6 3. e3 Bg7 4. Nf3 d6 5. Be2 Nh5 6. Bg5 h6 7. Bh4 g5 8. Nfd2
Nf6 9. Bg3 c5 10. dxc5 dxc5 11. Nc3 O-O 12. h4 g4 13. h5 Nd5 14. Nxd5 Qxd5 15.
e4 Qg5 16. c3 Nc6 17. Nc4 Rd8 18. Qc1 Qxc1+ 19. Rxc1 Be6 20. a4 Rd7 21. Ne3
Rad8 22. Rd1 Rxd1+ 23. Bxd1 Be5 24. Bxg4 Bxg3 25. fxg3 Rd3 26. Nf5 Bxf5 27.
exf5 Ne5 28. Be2 Rxg3 29. O-O Re3 30. Rf2 Re4 31. Bb5 Re1+ 32. Bf1 Kg7 33. f6+
exf6 34. Rd2 Ng4 35. Rd7 Rb1 36. Rxb7 Ne3 37. Kf2 Nxf1 38. Rd7 f5 39. b4 cxb4
40. cxb4 Nh2 41. b5 Ng4+ 42. Kg3 Rb3+ 43. Kh4 Ne3 44. Kg3 Nd5+ 45. Kf2 Nc3 46.
Rxa7 Rb4 47. a5 Rxb5 48. a6 Ra5 49. Kf3 Na2 50. Kf4 Nb4 0-1

[Event "Chigorin Memorial"]
[Site "St Petersburg"]
[Date "2015.10.07"]
[Round "5.92"]
[White "Sinyanskiy, Maxim"]
[Black "Grigorjev, Iljya"]
[Result "0-1"]
[WhiteElo "2043"]
[BlackElo "2254"]
[PlyCount "78"]
[EventDate "2015.10.03"]
[EventRounds "9"]
[EventCountry "RUS"]

1. e4 e5 2. Nf3 Nc6 3. d4 exd4 4. Nxd4 Bc5 5. Nb3 Bb6 6. Nc3 d6 7. Qe2 Nge7 8.
Be3 O-O 9. O-O-O f5 10. f4 fxe4 11. Bxb6 axb6 12. Qxe4 Bf5 13. Bc4+ Kh8 14. Qe2
Ng6 15. Rhf1 Qd7 16. h3 Rae8 17. Qd2 Be6 18. Bd3 Nge7 19. Ne4 Bg8 20. g4 Nd5
21. c3 Nf6 22. Ng5 Na5 23. Nxa5 bxa5 24. Kb1 h6 25. Nf3 Ne4 26. Bxe4 Rxe4 27.
f5 Qf7 28. b3 Qe7 29. Rfe1 Re8 30. Rxe4 Qxe4+ 31. Qd3 Bd5 32. Kb2 Qxf3 33. Qxd5
Re2+ 34. Ka3 Qxc3 35. Qd4 Qc2 36. Ra1 Rd2 37. Qe3 Qb2+ 38. Ka4 Rd4+ 39. Kxa5
Qa3+ 0-1

[Event "Chigorin Memorial"]
[Site "St Petersburg"]
[Date "2015.10.07"]
[Round "5.93"]
[White "Selivanov, Ivan"]
[Black "Lysenko, Margarita"]
[Result "1-0"]
[WhiteElo "2254"]
[BlackElo "2059"]
[PlyCount "99"]
[EventDate "2015.10.03"]
[EventRounds "9"]
[EventCountry "RUS"]

1. e4 d5 2. exd5 Qxd5 3. Nc3 Qd6 4. d4 Nf6 5. Nf3 a6 6. h3 Nc6 7. a3 Be6 8. Be3
h6 9. Qd2 g5 10. O-O-O O-O-O 11. Bd3 Bg7 12. Qe2 Bd5 13. Kb1 Bxf3 14. Qxf3 e6
15. Bc4 Ne7 16. g4 Qc6 17. Qe2 Ned5 18. Nxd5 Nxd5 19. h4 Nb6 20. Bb3 Bxd4 21.
hxg5 hxg5 22. Rxh8 Bxh8 23. Rxd8+ Kxd8 24. Bxg5+ Kc8 25. Qd3 Qd6 26. Qh7 Qf8
27. Bh6 Qe8 28. f4 Nd7 29. g5 Nc5 30. Bc4 b5 31. Be2 Na4 32. Bg7 Bxg7 33. Qxg7
Qc6 34. Qxf7 Qh1+ 35. Ka2 Qd5+ 36. c4 Nc3+ 37. Kb3 bxc4+ 38. Kxc3 Qa5+ 39. Kc2
Qa4+ 40. Kc1 c3 41. bxc3 Qxa3+ 42. Kd2 Qb2+ 43. Ke1 Qxc3+ 44. Kf2 Qc5+ 45. Kg2
Qc6+ 46. Bf3 Qc2+ 47. Kg3 Kd8 48. Qxe6 a5 49. g6 Qc5 50. Qd5+ 1-0

[Event "Chigorin Memorial"]
[Site "St Petersburg"]
[Date "2015.10.07"]
[Round "5.94"]
[White "Pletnev, Evgeniy"]
[Black "Kopasov, Evgeny"]
[Result "1-0"]
[WhiteElo "2246"]
[BlackElo "2050"]
[PlyCount "117"]
[EventDate "2015.10.03"]
[EventRounds "9"]
[EventCountry "RUS"]

1. Nc3 c5 2. d4 cxd4 3. Qxd4 Nc6 4. Qh4 Nf6 5. Bg5 e6 6. e4 Be7 7. O-O-O Qa5 8.
f4 d6 9. Nf3 a6 10. Bc4 b5 11. e5 dxe5 12. fxe5 Nxe5 13. Nxe5 bxc4 14. Nc6 Qf5
15. Rhf1 Qg4 16. Nxe7 Qxh4 17. Bxh4 Kxe7 18. Rxf6 gxf6 19. Ne4 Bb7 20. Bxf6+
Kf8 21. Nc5 Rg8 22. Nxb7 Rxg2 23. Rd7 Rf2 24. Be5 Rc8 25. Nd6 Rc5 26. Bg3 Rf3
27. Nxf7 Rf1+ 28. Kd2 Rd5+ 29. Rxd5 exd5 30. Ne5 Ke7 31. Nc6+ Ke6 32. Nb4 a5
33. Nc6 a4 34. Nd4+ Kd7 35. a3 Rf6 36. Kc3 Rb6 37. Be5 Rb7 38. Ne2 Kc6 39. h4
Kd7 40. Nf4 Kc6 41. Ne6 Rb6 42. h5 Kb5 43. Nd4+ Kc5 44. Bg7 Rb8 45. Ne6+ Kd6
46. Ng5 Ke7 47. Nxh7 Kf7 48. h6 Kg6 49. Nf8+ Kf7 50. Nd7 Rb5 51. Ne5+ Kg8 52.
Nf3 Rb6 53. Kd2 Re6 54. Nd4 Re4 55. Nb5 Rg4 56. Ke3 Rg2 57. Nc3 Rxc2 58. Nxd5
Rh2 59. Nb6 1-0